000 00555nam a2200181Ia 4500
003 GCL
008 140319s9999 xx 000 0 ara d
040 _aGCL /
_cGCL
082 0 4 _a610.9
_bح ط
100 1 _aحنيفة الخطيب
245 1 0 _aالطب عند العرب /
_cحنيفة الخطيب
300 _a371 ص
490 _aالهيئة العامة للاستعلامات
_v0
650 0 4 _aالطب العربى
650 0 4 _aالطب - العالم العربى
650 0 4 _aالطب - الدولة العباسية
942 _2ddc
_cBK
999 _c47828
_d47828